[Event "Tata Steel 2012 - B"]
[Site "Wijk aan Zee"]
[Date "27.01.2012"]
[Round "11B"]
[White "Nyzhnyk, I."]
[Black "Bruzon Batista, L."]
[Result "1-0"]
[WhiteElo "2568"]
[BlackElo "2691"]
[PlyCount "83"]
[EventDate "2012.01.14"]

1. d4 e6 2. c4 f5 3. g3 Nf6 4. Bg2 c6 5. Nf3 d5 6. O-O Bd6 7. b3 Qe7 8. Bb2 O-O
9. Qc1 b5 10. Ne5 Bb7 11. Nd2 a5 12. Ndf3 Ne4 13. c5 Bc7 14. Nd3 Nd7 15. a3
Rfb8 16. Qc2 Bc8 17. b4 Ng5 18. Nxg5 Qxg5 19. Rae1 Nf8 20. f3 axb4 21. axb4 Ng6
22. e4 f4 23. Bc1 Bd7 24. Bh3 Ra4 25. Qg2 Qf6 26. Bb2 Qf7 27. Bg4 Ra2 28. Re2
Rf8 29. Rfe1 Kh8 30. Qh3 Ne7 31. Bc1 Rxe2 32. Rxe2 dxe4 33. fxe4 Qf6 34. Bb2
Qg5 35. Bc1 Qf6 36. Bb2 Qg5 37. Ne1 fxg3 38. hxg3 Ng6 39. e5 Rf4 40. Rh2 h6 41.
gxf4 Nxf4 42. Qf3 1-0

[Event "Tata Steel 2012 - B"]
[Site "Wijk aan Zee"]
[Date "27.01.2012"]
[Round "11B"]
[White "Potkin, V."]
[Black "Harika, D."]
[Result "1-0"]
[WhiteElo "2684"]
[BlackElo "2516"]
[PlyCount "83"]
[EventDate "2012.01.14"]

1. d4 Nf6 2. c4 e6 3. Nc3 Bb4 4. e3 b6 5. Nge2 c5 6. a3 Ba5 7. Rb1 Na6 8. f3
O-O 9. Kf2 d5 10. cxd5 exd5 11. g4 Bxc3 12. bxc3 Nc7 13. Ng3 Nfe8 14. h4 Nd6
15. dxc5 bxc5 16. e4 dxe4 17. Bf4 Nce8 18. Bb5 Rb8 19. Qd2 exf3 20. Bxe8 Rxb1
21. Rxb1 Rxe8 22. Bxd6 Qxh4 23. Rh1 Qxg4 24. Bxc5 h6 25. Re1 Be6 26. Qd3 Rb8
27. Rb1 Rc8 28. Bd4 Bd5 29. Qf5 Be6 30. Qxf3 Qg6 31. Qe4 Qg5 32. Qe5 Qxe5 33.
Bxe5 Rc5 34. Bd4 Ra5 35. Ne4 Rxa3 36. Rg1 Ra2+ 37. Ke3 g5 38. Rh1 f5 39. Rxh6
f4+ 40. Kf3 Bd5 41. Rg6+ Kf7 42. Rxg5 1-0

[Event "Tata Steel 2012 - B"]
[Site "Wijk aan Zee"]
[Date "28.01.2012"]
[Round "12B"]
[White "Cmilyte, V."]
[Black "Potkin, V."]
[Result "1/2-1/2"]
[WhiteElo "2503"]
[BlackElo "2684"]
[PlyCount "60"]
[EventDate "2012.01.14"]

1. d4 d5 2. c4 c6 3. Nf3 Nf6 4. Nc3 dxc4 5. a4 e6 6. e3 c5 7. Bxc4 cxd4 8. exd4
Be7 9. O-O O-O 10. Re1 Nc6 11. Bf4 Nb4 12. Ne5 Bd7 13. d5 exd5 14. Nxd5 Nbxd5
15. Bxd5 Nxd5 16. Qxd5 Bc8 17. Qe4 Bf6 18. Rad1 Qb6 19. Nd7 Bxd7 20. Rxd7 Qxb2
21. Rxb7 Qd4 22. Qxd4 Bxd4 23. Be3 Rfe8 24. Kf1 Bxe3 25. Rxe3 Rxe3 26. fxe3 a5
27. Kf2 g6 28. Rb5 h5 29. h4 Kg7 30. Kf3 Ra6 1/2-1/2

[Event "Tata Steel 2012 - B"]
[Site "Wijk aan Zee"]
[Date "28.01.2012"]
[Round "12B"]
[White "Bruzon Batista, L."]
[Black "Vocaturo, D."]
[Result "1-0"]
[WhiteElo "2691"]
[BlackElo "2545"]
[PlyCount "97"]
[EventDate "2012.01.14"]

1. Nf3 Nf6 2. g3 c5 3. Bg2 b6 4. Ne5 d5 5. c4 e6 6. Nc3 Nbd7 7. Qa4 Bb7 8. cxd5
Nxd5 9. Nxd5 Bxd5 10. Bxd5 exd5 11. Qc6 Rc8 12. Qxd5 Nxe5 13. Qxe5+ Qe7 14. Qf5
Rd8 15. d3 g6 16. Qg5 Qb7 17. Qe5+ Kd7 18. O-O Bd6 19. Qc3 Rhe8 20. Bg5 Rc8 21.
Qc4 Re6 22. a4 f6 23. Be3 Be5 24. Rac1 a5 25. Rfd1 Rcc6 26. Qb5 Kc8 27. Rc4
Red6 28. Rdc1 Kc7 29. f4 Bd4 30. Bxd4 Rxd4 31. Rxd4 cxd4 32. Rc4 Rxc4 33. Qxc4+
Qc6 34. Qxd4 Qc1+ 35. Kg2 Qd1 36. Qe4 f5 37. Qe7+ Kb8 38. Qe8+ Kb7 39. Qd7+ Kb8
40. Kf2 h5 41. Qc6 Ka7 42. h4 Qb1 43. Qc7+ Ka6 44. Qc4+ Kb7 45. Qd5+ Ka7 46. b3
Qc2 47. Qf7+ Ka8 48. Qc4 Qd1 49. Qa6+ 1-0

[Event "Tata Steel 2012 - B"]
[Site "Wijk aan Zee"]
[Date "28.01.2012"]
[Round "12B"]
[White "L'Ami, E."]
[Black "Timman, J."]
[Result "1/2-1/2"]
[WhiteElo "2596"]
[BlackElo "2571"]
[PlyCount "76"]
[EventDate "2012.01.14"]

1. d4 Nf6 2. c4 e6 3. Nf3 b6 4. g3 Ba6 5. b3 Bb4+ 6. Bd2 Be7 7. Nc3 O-O 8. Rc1
Bb7 9. Bg2 Ba3 10. Rc2 Bb4 11. O-O d6 12. d5 e5 13. Ne1 Nbd7 14. Nd3 Bxc3 15.
Bxc3 e4 16. Nf4 Re8 17. f3 Qe7 18. Nh3 c6 19. dxc6 Bxc6 20. Nf2 Rad8 21. f4 d5
22. cxd5 Nxd5 23. Qc1 Ba8 24. Ba1 f5 25. Rd1 Nc5 26. Rc4 a5 27. e3 Nb4 28. Rxd8
Rxd8 29. Bd4 Nxa2 30. Qa3 Nb4 31. Bxc5 bxc5 32. Qxa5 Nd5 33. Rxc5 Nxe3 34. Rc7
Qf6 35. Ra7 Bd5 36. Bh3 Rc8 37. Qa1 Bxb3 38. Nxe4 Qxa1+ 1/2-1/2

[Event "Tata Steel 2012 - B"]
[Site "Wijk aan Zee"]
[Date "28.01.2012"]
[Round "12B"]
[White "Harika, D."]
[Black "Tiviakov, S."]
[Result "0-1"]
[WhiteElo "2516"]
[BlackElo "2677"]
[PlyCount "90"]
[EventDate "2012.01.14"]

1. c4 e5 2. g3 Nf6 3. Bg2 d5 4. cxd5 Nxd5 5. Nc3 Nb6 6. Nf3 Nc6 7. O-O Be6 8.
d3 Be7 9. a3 O-O 10. b4 a5 11. b5 Nd4 12. Rb1 f6 13. Nd2 Qc8 14. e3 Nf5 15. Qc2
Rd8 16. Bb2 Nh6 17. Nce4 Nf7 18. d4 exd4 19. exd4 Qd7 20. Nc5 Bxc5 21. dxc5
Qxd2 22. Qxd2 Rxd2 23. cxb6 cxb6 24. Bxb7 Rad8 25. Bc1 Ra2 26. Bf4 Rxa3 27.
Rfe1 Ne5 28. Bxe5 fxe5 29. Rxe5 Bf7 30. Rc1 Rad3 31. Kg2 a4 32. Be4 R3d4 33.
Ra1 Re8 34. Rxe8+ Bxe8 35. Bc6 Bg6 36. Kf3 Kf8 37. Ke3 Rb4 38. Kd2 Bf7 39. Ra3
Bb3 40. Ra1 Ke7 41. f4 Kd6 42. h3 Rc4 43. f5 Kc5 44. g4 Kb4 45. Ke3 h6 0-1

[Event "Tata Steel 2012 - B"]
[Site "Wijk aan Zee"]
[Date "29.01.2012"]
[Round "13B"]
[White "Nyzhnyk, I."]
[Black "Harika, D."]
[Result "1-0"]
[WhiteElo "2568"]
[BlackElo "2516"]
[PlyCount "117"]
[EventDate "2012.01.14"]

1. d4 Nf6 2. c4 g6 3. Nf3 Bg7 4. g3 c6 5. Bg2 d5 6. cxd5 cxd5 7. O-O O-O 8. Nc3
Ne4 9. Nd2 Nxd2 10. Bxd2 e6 11. e3 Nc6 12. f4 Ne7 13. Qb3 Nf5 14. Rfc1 Bd7 15.
Na4 b6 16. Bf1 g5 17. Bd3 gxf4 18. gxf4 Qf6 19. Kh1 Kh8 20. Rg1 Rg8 21. Nc3 Bh6
22. Ne2 Nh4 23. Rg3 Nf5 24. Rgg1 Nh4 25. Rg3 Nf5 26. Rh3 Rg7 27. Ng3 Rg4 28.
Rc1 Rag8 29. Bxf5 exf5 30. Rc7 Be6 31. Kg2 Rh4 32. Rxh4 Qxh4 33. Qd1 a5 34. b4
Qd8 35. Rc6 axb4 36. Bxb4 Bf8 37. Bxf8 Qxf8 38. Rxb6 Qa3 39. Qe2 Qc1 40. Rb2
Rc8 41. Qd2 Qc4 42. Kh3 Ra8 43. Rc2 Qb5 44. Qe2 Qe8 45. Qh5 Bd7 46. Rc7 Ra6 47.
Qe2 Rg6 48. Rc5 Kg8 49. Ra5 Bc6 50. Kg2 h5 51. Kf2 h4 52. Nxf5 Bd7 53. Qh5 Qe4
54. Ra8+ Be8 55. Nxh4 Rg7 56. Qf5 Qe7 57. Nf3 f6 58. Qxd5+ Kh7 59. Qf5+ 1-0

[Event "Tata Steel 2012 - B"]
[Site "Wijk aan Zee"]
[Date "29.01.2012"]
[Round "13B"]
[White "Potkin, V."]
[Black "L'Ami, E."]
[Result "1-0"]
[WhiteElo "2684"]
[BlackElo "2596"]
[PlyCount "117"]
[EventDate "2012.01.14"]

1. c4 e5 2. Nc3 Nc6 3. Nf3 Nf6 4. g3 g6 5. Bg2 Bg7 6. O-O O-O 7. d4 exd4 8.
Nxd4 Re8 9. Bg5 h6 10. Nxc6 dxc6 11. Bf4 Be6 12. Qb3 Qc8 13. Rac1 Nd7 14. Nb1
Bf5 15. Rfe1 Nc5 16. Qa3 Ne6 17. Be3 c5 18. Nc3 Nd4 19. Qxc5 Nc2 20. Rxc2 Bxc2
21. Nd5 Qd8 22. Qxc7 Be4 23. Bxe4 Rxe4 24. Qxb7 Rxc4 25. Rd1 Qf8 26. b4 Rc2 27.
Bc5 Qb8 28. Ne7+ Kh7 29. Qe4 Rb2 30. h4 a5 31. h5 Ra6 32. hxg6+ fxg6 33. Nxg6
Rxg6 34. Rd6 Qxd6 35. Bxd6 axb4 36. Bxb4 Rxa2 37. e3 Ra4 38. Qb7 h5 39. Kh2 Ra2
40. Qf7 Ra4 41. Bc3 Raa6 42. Bxg7 Rxg7 43. Qf5+ Rag6 44. e4 Kg8 45. Qd5+ Kh7
46. e5 Kh6 47. Qd2+ Kh7 48. Qd5 Kh6 49. Kh3 Rg4 50. e6 R4g6 51. Qe5 Rg8 52.
Qe3+ Kh7 53. f4 h4 54. gxh4 Rg1 55. Qe4+ Kh6 56. e7 R1g3+ 57. Kh2 R3g4 58. Qe6+
Kh7 59. Qxg4 1-0

[Event "Tata Steel 2012 - B"]
[Site "Wijk aan Zee"]
[Date "29.01.2012"]
[Round "13B"]
[White "Ernst, S."]
[Black "Bruzon Batista, L."]
[Result "0-1"]
[WhiteElo "2606"]
[BlackElo "2691"]
[PlyCount "48"]
[EventDate "2012.01.14"]

1. Nf3 c5 2. c4 Nc6 3. d4 cxd4 4. Nxd4 Nf6 5. g3 e5 6. Nb5 Bb4+ 7. Bd2 a6 8.
Bxb4 axb5 9. Bd6 Qa5+ 10. Nc3 b4 11. Nb5 b3+ 12. Nc3 Ne4 13. Qd3 Nxc3 14. bxc3
Nd4 15. Bg2 Nc2+ 16. Kd2 Nxa1 17. Rxa1 Ra6 18. c5 Qxa2+ 19. Rxa2 bxa2 20. Qe4
f6 21. Bxe5 fxe5 22. Qxe5+ Re6 23. Qxg7 Rf8 24. Bf3 Ref6 0-1